[Event "300th YMCA Spring A"]
[Site "Warsaw"]
[Date "2025.06.12"]
[Round "11"]
[White "Rozycki, Bartlomiej"]
[Black "Borowy, Cezary"]
[Result "1-0"]
[WhiteElo "2113"]
[BlackElo "2027"]
[PlyCount "43"]
[EventDate "2025.04.25"]
[EventType "tourn"]
[EventRounds "1"]
[EventCountry "POL"]
[SourceDate "2025.04.24"]

1. d4 Nf6 2. c4 e6 3. Nc3 c5 4. d5 exd5 5. cxd5 d6 6. e4 g6 7. f4 Bg7 8. Bb5+
Nfd7 9. a4 O-O 10. Nf3 Na6 11. O-O Nb4 12. Re1 a6 13. Bf1 Re8 14. h3 f5 15. Ng5
Nf8 16. e5 dxe5 17. fxe5 Rxe5 18. d6 Rxe1 19. Qxe1 Bd4+ 20. Kh1 Bf6 21. Bc4+
Kg7 22. Nf7 1-0